Dr. Atl : paisaje de hielo y fuego /

El Dr. Atl y José María Velasco son, en opinión de los entendidos, los más grandes representantes del paisajismo en México. En la obra del Dr. Atl destacan, en concreto, sus pinturas de volcanes. Este texto reflexiona sobre su trabajo, paisajista y de otros géneros, para establecer el por qué del lu...

Whakaahuatanga katoa

I tiakina i:
Ngā taipitopito rārangi puna kōrero
Kaituhi matua: Roura, Alma Lilia (autor)
Hōputu: Pukapuka
Reo:Pāniora
I whakaputaina: México : CONACULTA, 1999, c1999
Rangatū:(Círculo de Arte)
Ngā marau:
Ngā Tūtohu: Tāpirihia he Tūtohu
Kāore He Tūtohu, Me noho koe te mea tuatahi ki te tūtohu i tēnei pūkete!

MARC

LEADER 00000nam^a2200000^a^4500
001 000110118
005 20250521000000.0
009 20260310093746.991
020 |a 970-18-2927-1 
037 |a Acervo ITESO - Biblioteca 
041 |a ESP 
082 |a 709. 72  |b CIR V. 24 
100 |a Roura, Alma Lilia  |e (autor) 
245 1 0 |a Dr. Atl :  |b paisaje de hielo y fuego /  |c A.L. Roura. 
264 4 |a México :  |b CONACULTA,  |c 1999, c1999 
300 |a 32 p. 
336 |a texto  |b txt  |2 rdacontenido 
337 |a sin mediación  |b n  |2 rdamedio 
338 |a volumen  |b nc  |2 rdasoporte 
440 1 |a (Círculo de Arte) 
520 |a El Dr. Atl y José María Velasco son, en opinión de los entendidos, los más grandes representantes del paisajismo en México. En la obra del Dr. Atl destacan, en concreto, sus pinturas de volcanes. Este texto reflexiona sobre su trabajo, paisajista y de otros géneros, para establecer el por qué del lugar que ocupa en el arte. 
649 |a XX 
650 |a Pintores Jaliscienses 
650 |a Pintores Mexicanos 
650 |a Pintura Mexicana -  |y Siglo XIX 
650 |a Pintura Mexicana -  |y Siglo XX 
650 |a Paisajismo -  |z México 
650 |a Arte Mexicano 
600 |a Atl, Dr. 
910 |a Fondo General 
920 |a Impresos - Libros 
930 |a Colección General 
905 |a 101 
901 |a 0500046585  |b IT1  |c ACC  |u 20250521 
902 |a https://opac.biblio.iteso.mx/vufind/Record/000110118